India: The critical years (Record no. 25376)

MARC details
000 -LEADER
fixed length control field 00286nam a2200121Ia 4500
082 ## - DEWEY DECIMAL CLASSIFICATION NUMBER
Classification number 32(540)
Item number KUL
100 ## - MAIN ENTRY--AUTHOR NAME
Personal name Kuldip Nayar
245 #0 - TITLE STATEMENT
Title India: The critical years
250 ## - EDITION STATEMENT
Edition statement Rev ed
260 ## - PUBLICATION, DISTRIBUTION, ETC. (IMPRINT)
Place of publication Bombay
Name of publisher Vikas
Year of publication 1971
942 ## - ADDED ENTRY ELEMENTS (KOHA)
Koha item type Books
Holdings
Withdrawn status Lost status Damaged status Not for loan Home library Current library Date acquired Cost, normal purchase price Full call number Accession Number Koha item type
        RRII Library RRII Library 16/12/2021 9.50 32(540) KUL 06034 Books